Score de Glasgow - Statistiques

Statistiques générales
  • Ce quiz a été pris 3 fois
  • Le résultat moyen est 6 sur 15
Statistiques - réponses
Score % Correct
2 A la douleur
100%
3 Flexion stéréotypée
100%
6 Aux ordres
50%
4 Confuse
50%
2 Extension stéréotypée
50%
5 Normale
50%
1 Nulle
50%
1 Nulle
50%
1 Nulle
50%
3 Au Bruit
0%
4 Evitement
0%
3 Inappropriée
0%
2 Incompréhensible
0%
5 Orientée
0%
4 Spontanée
0%
Aucun quiz correspondant
Distribution des résultats
% des personnes avec chaque résultat
Percentile par nombre de réponses
Votre historique - résultats
Vous n’avez pas pris ce quiz